Normal view
MARC view
- Getz, Ken Litwin, Paul Gilbert, Mike
Entry Personal Name
001 - CONTROL NUMBER
- control field: 80582
003 - CONTROL NUMBER IDENTIFIER
- control field: NUST
005 - DATE AND TIME OF LATEST TRANSACTION
- control field: 20210628210707.0
008 - FIXED-LENGTH DATA ELEMENTS
- fixed length control field: 210628|| aca||aabn | a|a d
040 ## - CATALOGING SOURCE
- Original cataloging agency: NUST
- Transcribing agency: NUST
100 ## - HEADING--PERSONAL NAME
- Personal name: Getz, Ken Litwin, Paul Gilbert, Mike
670 ## - SOURCE DATA FOUND
- Source citation: Work cat.: (NUST): Getz, Ken Litwin, Paul Gilbert, Mike, Access 2000 developer's handbook volume 1: desktop edition, 1999
